Clic A quelle dynastie appartiennent ces souverains espagnols? - Statistiques

Statistiques générales
  • Ce quiz a été pris 14 fois
  • Le résultat moyen est 10 sur 21
Statistiques - réponses
Hint Explanation Réponse % Correct
Joseph-Napoléon 1er + en 1844 Bonaparte
92%
Juan Carlos 1er vivant Bourbon-Anjou
62%
Charles II + en 1700 Habsbourg
62%
Ferdinand VII + en 1833 Bourbon-Anjou
54%
Charles IV + en 1819 Bourbon-Anjou
54%
Philippe V + en 1746 Bourbon-Anjou
54%
Alphonse XIII + en 1941 Bourbon-Anjou
54%
Philippe III + en 1621 Habsbourg
54%
Amédée 1er + en 1890 Savoie-Aoste
54%
Jeanne 1ère + en 1555 Trastamare
54%
Louis 1er + en 1724 Bourbon-Anjou
46%
Alphonse XII + en 1885 Bourbon-Anjou
46%
Philippe VI vivant Bourbon-Anjou
46%
Philippe IV + en 1665 Habsbourg
46%
Isabelle 1ère + en 1504 Trastamare
46%
Charles III + en 1788 Bourbon-Anjou
38%
Ferdinand VI + en 1759 Bourbon-Anjou
38%
Philippe 1er + en 1506 Habsbourg
38%
Philippe II + en 1598 Habsbourg
38%
Isabelle II + en 1904 Bourbon-Anjou
31%
Ferdinand V + en 1516 Trastamare
15%
Aucun quiz correspondant
Distribution des résultats
% des personnes avec chaque résultat
Percentile par nombre de réponses
Votre historique - résultats
Vous n’avez pas pris ce quiz